000 00897nam a22002057a 4500
003 OSt
005 20260216163226.0
008 260216b |||||||| |||| 00| 0 eng d
040 _c0
082 _aDPer 796.07 J826 January-October 2023 v. 42 n. 1-4
100 _aMora-Gonzales, Jose
_eauthor.
_969778
245 _a"STAR WARS" : The First Jedi" Gamification :
_bImprovement of Fitness Among College Students /
_cJose Mora-Gonzales, Carmen Navarro-Mateos, and Isaac J. Pérez-López.
260 _aChampaign, IL ;
_bHuman Kinetics, Inc. ,
_cJuly 2023.
300 _aVolume 42, pages 502-210 :
_billustration ;
_c29 cm.
500 _aJournal of Teaching in Physical Education, vol. 42 no. 3, pages 502-510, July 2023.
700 _aMora-Gonzales, Jose
_eauthor.
_969778
700 _aNavarro-Mateos, Carmen
_eauthor.
_969779
700 _aPérez-López, Isaac J.
_eauthor.
_969780
942 _2ddc
_cPER
999 _c24341
_d24341